The meaning of literature /

Bibliographic Details
Main Author: Sprau, George
Format: Book
Language:English
Published: New York, Chicago [etc.] : C. Scribner's sons, [1925]
Subjects:

MARC

Tag First Indicator Second Indicator Subfields
LEADER 00000cam a2200000 4500
001 in00000035424
005 20151007060806.0
008 741203s1925 nyu b 00010 eng u
010 |a  25010503  
035 |a (OCoLC)01097036 
035 |9 AAD0188AM 
040 |c OUN  |d TXA  |d UtOrBLW 
049 |a TXAM  |c [24144] 
050 0 0 |a PN45  |b .S6 
092 |a 801  |b S76m 
100 1 |a Sprau, George. 
245 1 4 |a The meaning of literature /  |c by George Sprau. 
264 1 |a New York,  |a Chicago [etc.] :  |b C. Scribner's sons,  |c [1925] 
264 4 |c [©1925] 
300 |a vii, 1 unnumbered page, 2 ., 346 pages ;  |c 20 cm. 
336 |a text  |b txt  |2 rdacontent 
337 |a unmediated  |b n  |2 rdamedia 
338 |a volume  |b nc  |2 rdacarrier 
504 |a Bibliography: 333-340. 
650 0 |a Literature. 
999 |a MARS 
999 f f |s 0263e159-1947-3a05-82d0-3a85baf1144d  |i 64af52db-c583-382f-a98d-b34b02d5a2b4  |t 0 
952 f f |p ric  |a Texas A&M University  |b Rellis Campus  |c Joint Library Facility  |d Remote Storage  |t 0  |e PN45 .S6  |h Library of Congress classification  |i unmediated -- volume  |m A14801190790 
998 f f |a PN45 .S6  |t 0  |l Remote Storage